Những phương pháp giáo dục hiệu quả trên thế giới

Với mong muốn giúp các bậc cha mẹ có thêm những phương pháp giáo dục con trẻ tiến bộ, hiệu quả Nhà xuất bản Tư Pháp trân trọng gửi đến các bậc pjụ huynh cuốn sách nhỏ: "Những phương pháp giáo dục hiệu quả trên thế giới"....

Cur síos iomlán

Đã lưu trong:
Sonraí Bibleagrafaíochta
Formáid: Leabhar
Teanga:Undetermined
Foilsithe: Hà Nội Tư Pháp 2006
Ábhair:
Clibeanna: Cuir Clib Leis
Gan Chlibeanna, Bí ar an gcéad duine leis an taifead seo a chlibeáil!
Thư viện lưu trữ: Trung tâm Học liệu Trường Đại học Cần Thơ
LEADER 01016nam a2200205Ia 4500
001 CTU_157530
008 210402s9999 xx 000 0 und d
020 |c 14500 
082 |a 370.114 
082 |b Nh556/T.5 
245 0 |a Những phương pháp giáo dục hiệu quả trên thế giới 
245 0 |c Giang Quân ( biên dịch ) 
260 |a Hà Nội 
260 |b Tư Pháp 
260 |c 2006 
520 |a Với mong muốn giúp các bậc cha mẹ có thêm những phương pháp giáo dục con trẻ tiến bộ, hiệu quả Nhà xuất bản Tư Pháp trân trọng gửi đến các bậc pjụ huynh cuốn sách nhỏ: "Những phương pháp giáo dục hiệu quả trên thế giới". 
650 |a Education,Child education,Giáo dục,Giáo dục trẻ 
650 |x Aims and objectives,Method,Mục tiêu,Phương pháp 
904 |i Anh Tho,QHieu 
980 |a Trung tâm Học liệu Trường Đại học Cần Thơ